[Event "US Open-88"]
[Site "Portland"]
[Date "1987.08.02"]
[Round "1"]
[White "Loadman, Ian"]
[Black "Vineyard, Mike"]
[Result "0-1"]
[WhiteElo "2207"]
[BlackElo "1687"]
[PlyCount "60"]
[EventDate "1987.08.02"]
[EventType "swiss"]
[EventRounds "12"]
[EventCountry "USA"]
[SourceTitle "EXT 1997"]
[Source "ChessBase"]
[SourceDate "1996.11.15"]
[SourceVersion "1"]
[SourceVersionDate "1996.11.15"]
[SourceQuality "1"]

1. d4 d5 2. Nf3 Nf6 3. c4 e6 4. Nc3 Be7 5. Bg5 Nbd7 6. e3 0-0 7. Qc2 c5 8. Rd1 cxd4 9. exd4 Re8 10. Bd3 dxc4 11. Bxc4 Nb6 12. Bb3 Nfd5 13. Bxe7 Rxe7 14. 0-0 Bd7 15. Ng5 f5 16. Bxd5 exd5 17. Qb3 Bc6 18. Nf3 Nc4 19. Qc2 g6 20. Rfe1 Rc8 21. b3 Rxe1+ 22. Rxe1 Nd6 23. Ne5 Be8 24. Qd3 Qa5 25. Rc1 Ne4 26. Ne2 Rxc1+ 27. Nxc1 Bb5 28. Qd1 Nc3 29. b4 Qa3 30. Qe1 Qxc1 0-1